Loading...

Management information systems: Managing the digital firm

Bibliographic Details
Main Author: Laudon, Kenneth C; Laudon, Jane Price
Format: Printed Book
Published: Pearson Education Asia 2004
Edition:8 edition
Subjects:
LEADER 00659nam a2200193 4500
020 |a 812032353X  |c 350 
082 |a 658.4038 LAU 
100 |a Laudon, Kenneth C; Laudon, Jane Price 
245 |a Management information systems: Managing the digital firm  |c Laudon, Kenneth C; Laudon, Jane Price 
250 |a 8 edition 
260 |a Pearson Education Asia  |c 2004 
300 |a 534 p 
490
500
590 |a Southern Book Star  |b 0229;17/11/04 
650 |a Management Information Systems 
942 |c BK 
999 |c 138521  |d 138521 
952 |0 0  |1 0  |4 0  |6 658_403800000000000_LAU  |7 0  |9 151981  |a IMK  |b IMK  |g 350.00  |l 0  |o 658.4038 LAU  |p IMK05527  |r 2019-10-25  |w 2019-10-25  |y BK